| 000 | 00611nam a22001817a 4500 | ||
|---|---|---|---|
| 005 | 20251108172954.0 | ||
| 008 | 250721s2005 xx 000 0 ara d | ||
| 082 | 1 | 4 | _a658.3/حسن |
| 100 | 1 | _aحسنين، حسين محمد | |
| 245 | 1 | 0 | _aتقويم التدريب : مصدر مواد مرجعية و تدريبية في إطار تقويم التدريب / |
| 264 | 1 |
_aعمان : _bدار مجدلاوي للنشر و التوزيع، _c2005. |
|
| 300 | _a484ص. | ||
| 650 | 1 | 7 | _aإدارة الأفراد |
| 650 | 1 | 7 | _aالإدارة |
| 650 | 1 | 7 | _aالتدريب |
| 942 |
_2ddc _cBK |
||
| 999 |
_c93085 _d93085 |
||